Rutas Troncales de Transmilenio - Estadísticas

Estadísticas generales
  • Esta prueba ha sido intentada 11 veces
  • La puntuación promedio es 72 de 102
Estadísticas de respuestas
Ruta % Correcto
1 Portal Eldorado / 1 Universidades
100%
2 Portal 20 de Julio / 2 Museo Nacional
100%
3 Portal Tunal / 3 Corferias
100%
4 Portal Sur / 4 Héroes
100%
5 Portal Américas / 5 Calle 22
100%
6 Portal 80 / 6 Universidades
100%
7 Portal Suba / 7 Polo
100%
8 Terminal / 8 Guatoque - Veraguas
100%
B10 Portal Norte
100%
B11 Terminal
91%
B12 Portal Norte
91%
D10 Portal 80
91%
D20 Portal 80
91%
G11 Portal Sur
91%
J23 Las Aguas
91%
B13 Portal Norte
82%
B16 Terminal
82%
B26 Alcalá
82%
B72 Toberín
82%
B75 Portal Norte
82%
C15 Portal Suba
82%
C17 Portal Suba
82%
C19 Portal Suba
82%
D21 Portal 80
82%
D22 Portal 80
82%
F19 Banderas
82%
F23 Portal Américas
82%
G12 Portal Sur
82%
H15 Portal Tunal
82%
H20 Portal Usme
82%
H72 Portal Usme
82%
H75 Portal Usme
82%
K16 Portal Eldorado
82%
B18 Terminal
73%
B28 Portal Norte
73%
B46 Portal Norte
73%
B55 Toberín
73%
B74 Portal Norte
73%
C25 Portal Suba
73%
C30 Portal Suba
73%
D24 Portal 80
73%
E42 7 de agosto
73%
F26 Portal Américas
73%
F28 Portal Américas
73%
F32 Portal Américas
73%
G42 San Mateo
73%
H13 Portal Tunal
73%
H17 Portal Usme
73%
H21 Portal Tunal
73%
H27 Portal Tunal
73%
H76 Portal Usme
73%
H83 Portal Usme
73%
J24 Universidades
73%
K10 Portal Eldorado
73%
K43 Portal Eldorado
73%
L25 Portal 20 de Julio
73%
L41 Bicentenario
73%
A52 Flores
64%
A60 Calle 76
64%
B23 Alcalá
64%
B27 Portal Norte
64%
B50 Calle 161
64%
C50 Portal Suba
64%
E32 NQS - Calle 75
64%
F60 Portal Américas
64%
G22 Portal Sur
64%
G30 Portal Sur
64%
G41 San Mateo
64%
G43 San Mateo
64%
G46 San Mateo
64%
G47 Portal Sur
64%
H54 Portal Usme
64%
J73 Universidades
64%
J74 Universidades
64%
K23 Portal Eldorado
64%
K54 Portal Eldorado
64%
L18 Portal 20 de Julio
64%
L81 Portal 20 de Julio
64%
M47 Museo Nacional
64%
A61 Polo
55%
C73 Portal Suba
55%
C84 AV. Suba - KR 114D
55%
D55 Portal 80
55%
D81 AC 80 - KR 114
55%
F51 Portal Américas
55%
F61 Portal Américas
55%
G45 Portal Sur
55%
G48 San Mateo
55%
G52 Portal Sur
55%
J70 Las Aguas
55%
J76 Universidades
55%
L10 Portal 20 de Julio
55%
L82 Portal 20 de Julio
55%
M82 AK 7 - AC 134
55%
E48 CAD
45%
M51 Museo Nacional
45%
M83 Museo Nacional
45%
M84 KR 7 - CL 73
45%
K86 Portal Eldorado
36%
M85 Museo Nacional
36%
M86 AK 7 - CL 116
36%
P85 AK 68 - CL 11
36%
No se encontraron pruebas coincidentes
Distribución de puntuación
Porcentaje de gente con cada puntuación
Porcentaje por número respondido
Historial de tus puntuaciones
No has intentado esta prueba.